00454nam a22001457a 450000500170000000800410001702000180005804100120007608200140008810000130010224501080011526000340022330000260025765000250028320231120122304.0231120b |||||||| |||| 00| 0 eng d a9780409071405 aEnglish a343.4 SIL lEnglish  aSilke on South African Income Tax of 1962 2007/2008 : bUpdated to include Acts 8,9, 35 and 36 of 2007  aDurban : bLexisNexis, c2008 b510 pages ; c25 cm.  aLegal practice bLaw